Ética y valores I

Bibliographic Details
Main Author: Sierra, María Teresa
Format: Section = Libro
Language:Undetermined
Spanish
Published: México Limusa 2006
Subjects:
LEADER 00617nam a2200217Ia 4500
008 240829s9999 xx 000 0 und d
020 |a 968-18-6570-2 
040 |a BIBLIOTECA-RUPAP 170 S572 
041 |a spa 
082 |a 170 S572 
100 1 |a Sierra, María Teresa 
245 1 0 |a Ética y valores I 
260 |a México  |b Limusa  |c 2006 
300 |a 162 p. :il. 
650 7 |a ETICA - VALORES 
650 7 |b  ETICA - FILOSOFIA 
650 7 |c  DEMOCRACIA - VALORES 
650 7 |d  DESARROLLO SUSTENTABLE. I. Rivas, Eduardo, coaut. II. Pacheco, Martha, coaut. III. Tít. 
942 |c BK  |2 ddc 
991 |a TEXTO 
999 |c 7144